000 00539nam a2200205Ia 4500
005 20240118110629.0
008 131103s9999 xx 000 0 und d
040 _aLoreto College
041 _aEnglish
082 _a327.1(I)
_bNOO
100 _aNoorani, A. G.
245 _aAspects of India's foreign policy
_cA. G. Noorani
260 _aBombay
_bJaico Publishing House
_c1970
300 _a398 p.
630 _aIndia - Foreign Policy
650 _aPolitics
651 _aInternational Relations
850 _aLCLIB
942 _cBK
999 _c9693
_d60172